000 00429nam a2200145Ia 4500
008 100204s9999 xx 000 0 und d
082 _b14852
100 _aनाईक गुरुनाथ
245 _aआकांत
260 _b"बांदोडकर पब्लिशिंग हाऊस, गोवा"
_c1986
300 _a200
630 _aआकांत
730 _aआकांत
942 _cBOOK
999 _c459283
_d459280